Programmed Learning b. Overhead projector c. The floor is yours d. Visual Aids [video recording]

Bibliographic Details
Format: Book
Published: Times Life Films , 1973
Subjects:

MARC

LEADER 00000cam a2200000 7i4500
001 0000004902
005 20061205.0
040 |a INS 
090 0 0 |a LB1028.5 1973 
245 1 0 |a Programmed Learning b. Overhead projector c. The floor is yours d. Visual Aids [video recording] 
260 |a Times Life Films ,   |c 1973 
300 |a 1 Video cassette (VHS) :   |b sd., col. ;   |c 1/2 in. 
650 0 0 |a Programmed instruction 
999 |a VHS195   |b VIDEO   |c Media Collection   |e Default branch